Práce, blahobyt a štěstí lidstva

Salvato in:
Dettagli Bibliografici
Autore principale: Wells, H.G
Natura: Libro
Lingua:ceco
Pubblicazione: Praha F. Strnad 1933
Soggetti:
Tags: Aggiungi Tag
Nessun Tag, puoi essere il primo ad aggiungerne!!

MARC

LEADER 00000nam a2200000 4500
001 c122429
005 20221207103351.6
041 0 |a cze 
044 |a CZ 
245 1 0 |a Práce, blahobyt a štěstí lidstva  |c H.G. Wells 
264 1 |a Praha  |b F. Strnad  |c 1933 
300 |a 420 s. 
610 2 0 |a úroveň životná 
610 2 0 |a blahobyt 
610 2 0 |a práca 
100 1 |a Wells, H.G.